| 000 | 00659nam a2200193 a 4500 | ||
|---|---|---|---|
| 005 | 20240924064320.0 | ||
| 008 | 991125s1978 ag 000 0 spa u | ||
| 035 | _aUPN01000018218 | ||
| 049 | _aCG | ||
| 050 | 4 |
_aLA591 _bR5.4 |
|
| 100 | 1 | _aRivarola, Domingo H. | |
| 245 | 1 | 0 |
_aEducación y desarrollo en el Paraguay : _bla enseñanza básica / _cDomingo M. Rivarola ; introd. Germán W. Rama. |
| 260 |
_aBuenos Aires : _bUNESCO : _bCEPAL : _bPNUD, _c1978. |
||
| 300 |
_av, 111 p. : _bil. |
||
| 500 | _a"Proyecto Desarrollo y Educación en América Latina y el Caribe" | ||
| 500 | _a"DEALC 7/Rev. 1" | ||
| 650 | 0 |
_aEducación _zParaguay _99715 |
|
| 905 | _aLibro | ||
| 999 |
_c18218 _d18218 |
||